Countries at Milano Cortina Winter Olympics - Statistics

General Stats
  • This quiz has been taken 59 times
  • The average score is 77 of 90
Answers on the Map
Answers color-coded by a green-red scale on the quiz's map according to % correct below.
 
Answer Stats
Hint Hint Country % Correct
414.2 100.9 Austria
100%
391.0 91.0 Belgium
100%
143 66 Canada
100%
615.0 140.9 China
100%
404.0 89.9 Germany
100%
416.4 124.2 Italy
100%
393 86.9 Netherlands
100%
401.7 57 Norway
100%
423.6 87.1 Poland
100%
414.3 60.5 Sweden
100%
398.4 103.5 Switzerland
100%
377 86 United Kingdom
100%
153 129 United States
100%
266 294 Brazil
98%
386 105 France
98%
363.0 82.5 Ireland
98%
693.3 140.0 Japan
98%
361.7 127.6 Portugal
98%
669 139 South Korea
98%
372 127.5 Spain
98%
234.0 373.0 Argentina
96%
683.0 342.0 Australia
96%
418.0 108.0 Croatia
96%
414.0 93.8 Czech Republic
96%
401.5 73.5 Denmark
96%
437 52 Finland
96%
424.4 103.1 Hungary
96%
533.0 100.0 Kazakhstan
96%
423.0 98.0 Slovakia
96%
413.0 106.5 Slovenia
96%
450.6 96.0 Ukraine
96%
430 129 Greece
94%
341 43 Iceland
94%
556 185.9 India
94%
438.0 70.6 Latvia
94%
151.0 182.0 Mexico
94%
776.7 391.9 New Zealand
94%
421.0 113.0 Bosnia and Herzegovina
92%
218 384 Chile
92%
439.0 64.8 Estonia
92%
436.7 107.1 Romania
92%
460.3 130.6 Turkey
92%
425.5 124.0 Albania
90%
434.3 76.3 Lithuania
90%
444.4 102.0 Moldova
90%
427.6 113.0 Serbia
90%
437.8 117.9 Bulgaria
88%
427.5 118.5 Kosovo
88%
614.2 104.1 Mongolia
88%
431 365 South Africa
88%
254.9 370.2 Uruguay
88%
216.3 247.5 Colombia
86%
394.3 94.2 Luxembourg
86%
366.0 153.5 Morocco
86%
608.0 207.9 Thailand
86%
236.0 319.0 Bolivia
84%
423.7 117.8 Montenegro
84%
429.5 121.7 North Macedonia
84%
482.1 179.9 Saudi Arabia
84%
479 120 Georgia
82%
501.3 152.5 Iran
82%
206 200.2 Jamaica
82%
480.5 125.0 Armenia
80%
487.6 125.0 Azerbaijan
80%
459.0 157.0 Israel
80%
384.0 118.7 Andorra
78%
402.0 103.1 Liechtenstein
78%
657 220.6 Philippines
78%
232 235 Venezuela
78%
204.0 265.5 Ecuador
76%
218 196 Haiti
76%
412.9 141.1 Malta
76%
455.3 143.7 Cyprus
73%
398.0 230.8 Nigeria
73%
535.7 164.2 Pakistan
73%
502.0 182.5 United Arab Emirates
73%
525 122.5 Uzbekistan
73%
397.2 114.5 Monaco
71%
614.2 256.7 Singapore
71%
465.8 259.9 Kenya
69%
548.0 122.0 Kyrgyzstan
69%
652.9 182.1 Taiwan
69%
610.3 247.2 Malaysia
67%
461.7 146.8 Lebanon
65%
408.5 113.9 San Marino
65%
486.0 324.3 Madagascar
57%
242.5 226.6 Trinidad and Tobago
49%
347.7 220.3 Guinea-Bissau
43%
385.7 225.0 Benin
41%
466.3 209.2 Eritrea
41%
No matching quizzes found
Score Distribution
Percent of People with Each Score
Percentile by Number Answered
Your Score History
You have not taken this quiz